00833nam a22001815i 4500001000700000003000900007005001700016008004100033040002000074100003000094245010600124260006900230300002100299500011100320500001900431700001800450852018300468163596ES-MaACL20250823063121.0020325s1860 sp |||| | spa d aCAM bspa cCAM1 aRivera, Luis, d1826-187214aLos piratas b: zarzuela en tres actos y en verso / cletra de Luis Rivera ; música de Luis Cepeda. aMadrid : b[s.n.], c1860 (fimprenta de Cristóbal González) a90 p. ; c20 cm. aEn port.: Representada por primera vez en el teatro de la Zarzuela, la noche del 1º de setiembre de 1860. aSolo la letra.1 aCepeda, Luis. aES-MaACLjF-8586(9) z-- Enc. pasta española z-- Dedicatoria ms. del autor z-- Enc. en un vol. facticio formando parte de la col. facticia "Teatro español moderno", vol. 39